| 000 | 01332nam2a22002531 4500 | ||
|---|---|---|---|
| 001 | rc\2357463 | ||
| 005 | 20201217142722.0 | ||
| 035 | _a(NLR Aleph) 006507935 | ||
| 090 |
_a6299687 _c6299687 |
||
| 100 | _a20110829d1962 |||y0rusy50 ca | ||
| 101 | 0 | _arus | |
| 102 | _aRU | ||
| 105 | _ac z |||a| | ||
| 200 | 1 |
_aСтихотворения, 1813-1820 _f[Текст проверен и примеч. сост. проф. Б В. Томашевским]. |
|
| 210 | _d1962 | ||
| 215 | _a535 с. 1 л. порт | ||
| 461 | 0 |
_1001rc\2357462 _12001#$aПолное собрание сочинений$eВ 10 т.$fАкад. наук СССР. Ин-т русской литературы (Пушкинский дом)$vТ. 1 _1700#1$aПушкин$bА.С.$gАлександр Сергеевич$f1799-1837$cпоэт$3RU\NLR\AUTH\77386 _96299680 _aПушкин, А. С. (поэт ; 1799-1837) _cМосква _d1962 _e3-е изд. Т. 1 _fАкад. наук СССР. Ин-т русской литературы (Пушкинский дом) _nИзд-во Акад. Наук СССР _oВ 10 т. _tПолное собрание сочинений _vТ. 1 |
|
| 702 | 1 |
_aТомашевский _bБ. В. _4080 |
|
| 801 | 0 |
_aRU _bNLR _gpsbo |
|
| 801 | 1 |
_aRU _bELAR _2rusmarc |
|
| 852 |
_aNLR _jПушкин/1-143 |
||
| 942 | _cBOOK | ||
| 980 | _aNB | ||